000 00470nam a22001577a 4500
003 OSt
008 250227b |||||||| |||| 00| 0 eng d
020 _a9788198019677
100 _aKHAN, Fayaz Ahmad
245 _aFrontiers In Computational Science and Technology: Biometrics, Mathematics and Emerging Innovations
260 _aNew Delhi
_bNaples Indian
_c2024.
300 _a404p.
650 _aFaculty Publication
700 _aAnkita et al.
942 _2ddc
_cBK
999 _c13163
_d13163